000
00314nam a2200109 4500
008
b xx# fre u
040
_a
LB-BrCRDP
082
1
_a
107
_b
RIC
245
1
0
_a
Réflexion faite
_b
Autobiographie intellectuelle
_c
Paul Ricoeur
942
_c
BK
999
_c
9629
_d
9629